[Event "Michigan Junior"]
[Site "Flint, MI"]
[Date "1997.03.15"]
[Round "3.16"]
[White "Taylor, Walt"]
[Black "Saenz, Scott"]
[Result "0-1"]
[WhiteElo "941"]
[BlackElo "1299"]
[PlyCount "82"]
[EventDate "1997.03.15"]

1. e4 c5 2. Nf3 Nc6 3. Nc3 d6 4. Bb5 Bd7 5. Bxc6 Bxc6 6. d3 Nf6 7. Bf4 e5 8.
Bg5 Be7 9. Bxf6 Bxf6 10. O-O O-O 11. Ne2 b5 12. c3 a5 13. Ng3 b4 14. d4 Bh4 15.
d5 Bb5 16. Ne2 f5 17. g3 Be7 18. exf5 Rxf5 19. Nd2 Qb6 20. c4 Bd7 21. Nc1 Raf8
22. Nd3 R5f7 23. Ne4 Qd8 24. Qd2 Bf5 25. Qe3 Bh3 26. Rfe1 Rf3 27. Qe2 Bg4 28.
Qd2 Qe8 29. Re3 Qh5 30. Rxf3 Bxf3 31. h4 Bxe4 32. Qe3 Qf3 33. Qxf3 Bxf3 34. Re1
Kf7 35. Nxe5+ dxe5 36. Rxe5 Ke8 37. d6 Kd7 38. dxe7 Re8 39. Rxc5 Rxe7 40. Rxa5
Re1+ 41. Kh2 Rh1# 0-1

[Event "Michigan Junior"]
[Site "Flint, MI"]
[Date "1997.03.15"]
[Round "1.12"]
[White "Taylor, Walt"]
[Black "Phalen, Michael"]
[Result "0-1"]
[WhiteElo "951"]
[BlackElo "1455"]
[PlyCount "116"]
[EventDate "1997.03.15"]

1. e4 e5 2. Nf3 Nc6 3. Bb5 Nf6 4. Bxc6 dxc6 5. Nxe5 Bd6 6. Nf3 Nxe4 7. Qe2 O-O
8. O-O Re8 9. Qd1 Bg4 10. d3 Nc5 11. Nc3 Qf6 12. d4 Bxf3 13. Qxf3 Qxf3 14. gxf3
Ne6 15. d5 cxd5 16. Nxd5 c6 17. Ne3 Nd4 18. Kg2 Re6 19. c3 Rg6+ 20. Ng4 Nf5 21.
Kh3 Re6 22. Bd2 Re2 23. Rad1 h5 24. Ne3 Nxe3 25. Bxe3 Rxb2 26. Rd2 Rxd2 27.
Bxd2 Re8 28. Kg2 Re6 29. Be3 b6 30. Rd1 Kf8 31. f4 Ke7 32. f5 Re5 33. Bf4 Rd5
34. Rxd5 cxd5 35. Kf3 Bxf4 36. Kxf4 Kf6 37. h4 a5 38. a3 b5 39. Ke3 Kxf5 40. f3
f6 41. Kd4 g5 42. hxg5 fxg5 43. Ke3 h4 44. Kf2 Ke5 45. Ke3 Kd6 46. f4 gxf4+ 47.
Kxf4 Kc5 48. Kg4 Kc4 49. Kxh4 Kxc3 50. Kg3 d4 51. Kf3 Kc2 52. Ke4 d3 53. Kd5 d2
54. Kc5 d1=Q 55. Kxb5 Qb1+ 56. Kxa5 Kc3 57. Ka4 Kc4 58. Ka5 Qb5# 0-1

[Event "Michigan Junior"]
[Site "Flint, MI"]
[Date "1997.03.15"]
[Round "2.7"]
[White "Solon, Nathan"]
[Black "Grant, Marco"]
[Result "1-0"]
[WhiteElo "1669"]
[BlackElo "1270"]
[PlyCount "93"]
[EventDate "1997.03.15"]

1. e4 c5 2. Nf3 Nc6 3. d4 cxd4 4. Nxd4 Nf6 5. Nc3 e6 6. Nxc6 bxc6 7. e5 Ng8 8.
Ne4 Qa5+ 9. Nc3 Qxe5+ 10. Be2 Bb4 11. O-O Bxc3 12. bxc3 Qxc3 13. Qd6 Nf6 14.
Ba3 Nd5 15. Rad1 Qf6 16. Bf3 Qe7 17. Rxd5 Qxd6 18. Rxd6 O-O 19. Rd2 Re8 20. Bd6
a5 21. Rb1 Ba6 22. c3 a4 23. Be2 Bxe2 24. Rxe2 Ra7 25. Rb6 h6 26. c4 Kh7 27.
Reb2 Ra5 28. c5 a3 29. R2b4 Rea8 30. g3 f5 31. Rb7 R8a7 32. Kg2 g5 33. Kf3 Kg6
34. Rxa7 Rxa7 35. Ke3 Kf7 36. Kd4 Ra8 37. Kc4 h5 38. Kb3 Ke8 39. Rb8+ Rxb8+ 40.
Bxb8 Kd8 41. Kxa3 Kc8 42. Bd6 Kb7 43. Kb4 Ka6 44. a4 f4 45. gxf4 gxf4 46. Bxf4
h4 47. h3 1-0

[Event "Michigan Junior"]
[Site "Flint, MI"]
[Date "1997.03.15"]
[Round "2.5"]
[White "Salami, Samer"]
[Black "Hill, Brad"]
[Result "1-0"]
[WhiteElo "1302"]
[BlackElo "1732"]
[PlyCount "68"]
[EventDate "1997.03.15"]

1. e4 c5 2. Nf3 Nc6 3. d4 cxd4 4. Nxd4 e5 5. Nb3 Bb4+ 6. c3 Be7 7. Bc4 d6 8. f4
Nf6 9. Qc2 Qb6 10. f5 g6 11. Qd3 gxf5 12. exf5 e4 13. Qh3 Ne5 14. Be2 Nd5 15.
Nd4 Bd7 16. O-O Nc6 17. Rd1 Nxd4 18. cxd4 Bf6 19. Kh1 Bxd4 20. Nc3 Nxc3 21.
bxc3 Be5 22. Bg5 Qf2 23. Bg4 Qb2 24. f6 Bxg4 25. Qxg4 Rg8 26. Rab1 Qxa2 27.
Rxb7 Qa4 28. Re7+ Kd8 29. Rxe5 Rxg5 30. Rxg5 Kc7 31. Rg7 Qb3 32. Re1 e3 33. Qh5
Qxc3 34. Qxf7+ Kb6 1-0

[Event "Michigan Junior"]
[Site "Flint, MI"]
[Date "1997.03.15"]
[Round "2.6"]
[White "Saenz, Scott"]
[Black "Gentry, Bronson"]
[Result "0-1"]
[WhiteElo "1299"]
[BlackElo "1674"]
[PlyCount "48"]
[EventDate "1997.03.15"]

1. d4 c5 2. d5 e6 3. c4 Nf6 4. Nc3 d6 5. Bg5 Be7 6. e3 O-O 7. Nf3 Na6 8. a3 Nc7
9. e4 Re8 10. Be2 a6 11. O-O Rb8 12. b4 b6 13. e5 dxe5 14. Nxe5 Bb7 15. Bf3
cxb4 16. Ne4 Nxe4 17. Bxe7 Qxe7 18. Bxe4 exd5 19. Bxh7+ Kxh7 20. Qh5+ Kg8 21.
Rfe1 bxa3 22. Re3 g6 23. Qh6 Qf6 24. Nd7 Qxa1+ 0-1

[Event "Michigan Junior"]
[Site "Flint, MI"]
[Date "1997.03.15"]
[Round "1.17"]
[White "Roberts, Andy"]
[Black "Pitel, Joe"]
[Result "1-0"]
[WhiteElo "1347"]
[BlackElo "774"]
[PlyCount "51"]
[EventDate "1997.03.15"]

1. e4 e5 2. Nf3 d6 3. Bc4 Bg4 4. h3 Bxf3 5. Qxf3 Qe7 6. d3 f6 7. Qh5+ g6 8. Qf3
Nc6 9. Be3 Bh6 10. Bxg8 Bxe3 11. Bc4 Nd4 12. Qd1 Bg5 13. c3 Ne6 14. Qb3 Nf4 15.
O-O Ne2+ 16. Kh1 O-O-O 17. Na3 c6 18. d4 exd4 19. Bxe2 Qxe4 20. Bf3 Qd3 21.
Rad1 Qf5 22. cxd4 Rhe8 23. d5 cxd5 24. Rxd5 Qf4 25. Rxg5 fxg5 26. Qxb7# 1-0

[Event "Michigan Junior"]
[Site "Flint, MI"]
[Date "1997.03.15"]
[Round "2.18"]
[White "Raupp, Sarah"]
[Black "Krasowski, Simon"]
[Result "1-0"]
[WhiteElo "1102"]
[BlackElo "854"]
[PlyCount "81"]
[EventDate "1997.03.15"]

1. f4 e6 2. e3 Bc5 3. b3 Nf6 4. Bb2 Nc6 5. Bb5 a6 6. Bxc6 bxc6 7. Nf3 h6 8. Qe2
d6 9. d3 O-O 10. Nbd2 d5 11. O-O a5 12. Kh1 Ba6 13. e4 Re8 14. Ne5 Qd6 15. Rf3
d4 16. Rh3 Nd7 17. Nxd7 Qxd7 18. Qg4 Kf8 19. Rf1 Bc8 20. Rg3 f5 21. Qg6 Qf7 22.
Nf3 Qxg6 23. Rxg6 Ba6 24. Ne5 Kg8 25. Rf3 fxe4 26. dxe4 Bb7 27. Rh3 Kh7 28.
Rhg3 Re7 29. c3 Rd8 30. c4 Bd6 31. Nd3 Bb4 32. R6g4 Bc8 33. Ne5 Rd6 34. a3 Bc3
35. Bc1 c5 36. Ng6 Rf7 37. Ne5 Re7 38. Ng6 Re8 39. Ne5 Be1 40. Rxg7+ Kh8 41.
Nf7# 1-0

[Event "Michigan Junior"]
[Site "Flint, MI"]
[Date "1997.03.15"]
[Round "2.9"]
[White "Raupp, Kenneth A"]
[Black "Luckett-Foulkes, Allen"]
[Result "1-0"]
[WhiteElo "1535"]
[BlackElo "1284"]
[PlyCount "87"]
[EventDate "1997.03.15"]

1. f4 d5 2. Nf3 c5 3. b3 Bf5 4. Bb2 Nd7 5. e3 a6 6. Bd3 Bxd3 7. cxd3 Ngf6 8.
Nc3 e6 9. Ne2 g6 10. Ne5 Bg7 11. O-O O-O 12. Rf3 Nh5 13. Ng3 Nxe5 14. Bxe5 Nf6
15. Nh1 d4 16. e4 b5 17. Bxf6 Qxf6 18. Nf2 Bh6 19. Ng4 Qg7 20. Qe1 f5 21. exf5
exf5 22. Qe6+ Rf7 23. Ne5 Raa7 24. Nxf7 Rxf7 25. Re1 c4 26. Qc8+ Rf8 27. Qe6+
Kh8 28. dxc4 Rf6 29. Qc8+ Rf8 30. Re8 Qf6 31. g3 bxc4 32. Rxf8+ Bxf8 33. Qxc4
Qb6 34. Rd3 Bc5 35. Qd5 Qb5 36. Qd8+ Kg7 37. Rf3 Qe2 38. Rf2 Qe1+ 39. Kg2 Kh6
40. Qd5 Bb6 41. g4 d3 42. g5+ Kh5 43. Qf3+ Kh4 44. Qh3# 1-0

[Event "Michigan Junior"]
[Site "Flint, MI"]
[Date "1997.03.15"]
[Round "2.10"]
[White "Raupp, Christine"]
[Black "King, Kenny"]
[Result "1/2-1/2"]
[WhiteElo "1200"]
[BlackElo "1476"]
[PlyCount "109"]
[EventDate "1997.03.15"]

1. f4 d5 2. e3 c5 3. Nf3 Nf6 4. b3 g6 5. Bb2 Bg7 6. Ne5 O-O 7. Be2 Nc6 8. O-O
Nd7 9. Nxc6 bxc6 10. Bxg7 Kxg7 11. d3 e6 12. Nd2 Qe7 13. Qe1 f6 14. Qg3 Ba6 15.
h4 Rh8 16. h5 Qd6 17. Kf2 Raf8 18. Rh1 e5 19. hxg6 hxg6 20. Bh5 f5 21. fxe5
Nxe5 22. Nf3 Nxd3+ 23. cxd3 Qxg3+ 24. Kxg3 Rxh5 25. Rxh5 gxh5 26. d4 cxd4 27.
Nxd4 Rf6 28. Rc1 Bb7 29. Kf4 Kg6 30. g3 a5 31. a4 Ba8 32. Rc5 Bb7 33. Rxa5 Bc8
34. Rc5 Bd7 35. b4 Kg7 36. b5 cxb5 37. axb5 Rd6 38. Nxf5+ Bxf5 39. Kxf5 d4 40.
exd4 Rxd4 41. b6 Rb4 42. Rc7+ Kh6 43. Rc6+ Kg7 44. Kg5 Rg4+ 45. Kf5 Rxg3 46. b7
Rb3 47. Rc7+ Kh6 48. Ke6 h4 49. Kf6 h3 50. Rc4 Rb6+ 51. Kf5 Rb5+ 52. Kf6 Rb6+
53. Kf5 Rxb7 54. Rh4+ Kg7 55. Rxh3 1/2-1/2

[Event "Michigan Junior"]
[Site "Flint, MI"]
[Date "1997.03.15"]
[Round "1.14"]
[White "Rahal, Khalil"]
[Black "Nolan, Brian"]
[Result "0-1"]
[WhiteElo "864"]
[BlackElo "1419"]
[PlyCount "80"]
[EventDate "1997.03.15"]

1. e4 c5 2. Nf3 d6 3. d4 cxd4 4. Nxd4 Nf6 5. Nc3 g6 6. Bg5 Bg7 7. Bc4 O-O 8.
O-O Nc6 9. Qd3 Ne5 10. Qe3 Nxc4 11. Qc1 Nxe4 12. Nxe4 Bxd4 13. c3 Bg7 14. Re1
Be6 15. Qf4 Ne5 16. Rad1 f6 17. Bh6 Bxh6 18. Qxh6 Bf5 19. Nc5 Qb6 20. Nb3 Qxf2+
21. Kxf2 Ng4+ 22. Kg1 Nxh6 23. Rxe7 b6 24. Rxd6 Rfe8 25. Rc7 Ng4 26. Nd2 Re1+
27. Nf1 Rb1 28. h3 Ne3 29. g4 Rxf1+ 30. Kh2 Be4 31. Rdd7 g5 32. Rg7+ Kh8 33.
Rge7 Rf2+ 34. Kg1 Rg2+ 35. Kh1 Rxb2+ 36. Kg1 Rg2+ 37. Kh1 Rxa2+ 38. Kg1 Rg2+
39. Kh1 Rxg4+ 40. Kh2 Nf1# 0-1

[Event "Michigan Junior"]
[Site "Flint, MI"]
[Date "1997.03.15"]
[Round "3.19"]
[White "Rahal, Khalil"]
[Black "Frelander, Marc"]
[Result "1-0"]
[WhiteElo "864"]
[BlackElo "1011"]
[PlyCount "47"]
[EventDate "1997.03.15"]

1. e4 e5 2. Nf3 Nc6 3. Bc4 h6 4. Bb5 Bd6 5. Bxc6 bxc6 6. d4 exd4 7. Nxd4 Qe7 8.
Nc3 Bb4 9. Bd2 Bxc3 10. Bxc3 Qxe4+ 11. Ne2 Qxg2 12. Rf1 d5 13. Nf4 Qe4+ 14. Ne2
Nf6 15. Bxf6 gxf6 16. Qd2 Qe5 17. O-O-O Rb8 18. c3 Qxh2 19. Rfe1 Qxf2 20. Nd4+
Kf8 21. Qxf2 c5 22. Qxf6 Rg8 23. Rf1 Rg7 24. Qd8# 1-0

[Event "Michigan Junior"]
[Site "Flint, MI"]
[Date "1997.03.15"]
[Round "2.17"]
[White "Pleasant, Andrew"]
[Black "McKnight, Rusty"]
[Result "1-0"]
[WhiteElo "892"]
[BlackElo "1106"]
[PlyCount "81"]
[EventDate "1997.03.15"]

1. d4 d5 2. c4 c6 3. Nf3 Nf6 4. Bg5 e6 5. e3 Be7 6. Be2 Ne4 7. Bxe7 Qxe7 8. O-O
O-O 9. cxd5 exd5 10. Nc3 Ng5 11. Qb3 b6 12. Ne5 Be6 13. Bg4 f5 14. Be2 c5 15.
f4 cxd4 16. exd4 Nf7 17. Nxf7 Qxf7 18. Bf3 Rd8 19. Rfe1 Nc6 20. Rad1 Ne7 21.
Nb5 Rd7 22. Rc1 Qf6 23. Rc7 a6 24. Rxd7 Bxd7 25. Bxd5+ Kh8 26. Bxa8 Bxb5 27.
Qc3 h6 28. d5 Qxc3 29. bxc3 Ng6 30. g3 h5 31. Re6 Nf8 32. Rxb6 Nd7 33. Rb7 Nc5
34. Rc7 Ne4 35. c4 Ba4 36. Bc6 Bc2 37. Be8 Bb1 38. Bg6 Nd6 39. Rd7 Ne8 40. Rd8
Kg8 41. Rxe8# 1-0

[Event "Michigan Junior"]
[Site "Flint, MI"]
[Date "1997.03.15"]
[Round "2.15"]
[White "Pitel, Joe"]
[Black "Taylor, Walt"]
[Result "0-1"]
[WhiteElo "774"]
[BlackElo "941"]
[PlyCount "120"]
[EventDate "1997.03.15"]

1. e4 e5 2. Nf3 Nc6 3. Be2 Nf6 4. d3 Bc5 5. O-O d6 6. Nc3 Bg4 7. Be3 Bxe3 8.
fxe3 Bxf3 9. Bxf3 O-O 10. Nd5 Nxd5 11. exd5 Ne7 12. Qd2 c6 13. e4 cxd5 14. exd5
Nf5 15. Be4 Nd4 16. c3 Nb5 17. Rae1 Qb6+ 18. Qe3 Qxe3+ 19. Rxe3 Nc7 20. d4 exd4
21. cxd4 Rfe8 22. Rff3 g6 23. h4 Nb5 24. Rh3 Nxd4 25. h5 Rac8 26. hxg6 hxg6 27.
Bd3 Rxe3 28. Rxe3 a6 29. a4 Nc2 30. Re7 Nb4 31. Be4 Rc5 32. Rxb7 Nxd5 33. Rd7
Nf6 34. Re7 Nxe4 35. Rxe4 Kg7 36. b4 Rc6 37. b5 axb5 38. axb5 Rb6 39. Rb4 Kf6
40. Kf2 Ke5 41. Ke3 d5 42. Kd3 f5 43. g3 g5 44. Ke3 d4+ 45. Rxd4 Rxb5 46. g4
Rb3+ 47. Rd3 Rxd3+ 48. Kxd3 fxg4 49. Ke3 Kf5 50. Kf2 Kf4 51. Kg2 g3 52. Kh3 g2
53. Kxg2 g4 54. Kf2 g3+ 55. Kg2 Kg4 56. Kg1 Kg5 57. Kg2 Kf4 58. Kf1 Kf3 59. Kg1
g2 60. Kh2 Kf2 0-1

[Event "Michigan Junior"]
[Site "Flint, MI"]
[Date "1997.03.15"]
[Round "3.4"]
[White "Phalen, Michael"]
[Black "Hartwig, Thomas"]
[Result "0-1"]
[WhiteElo "1455"]
[BlackElo "1953"]
[PlyCount "86"]
[EventDate "1997.03.15"]

1. d4 Nf6 2. c4 e6 3. Nc3 Bb4 4. Nf3 O-O 5. a3 Bxc3+ 6. bxc3 c5 7. Bg5 h6 8.
Bh4 g5 9. Nxg5 hxg5 10. Bxg5 Qa5 11. Qd3 Ne4 12. Bd2 Nxd2 13. Qxd2 cxd4 14.
cxd4 Qxd2+ 15. Kxd2 b6 16. Rb1 Ba6 17. e3 Rc8 18. Rc1 Nc6 19. c5 Bxf1 20. Rhxf1
bxc5 21. Rxc5 d6 22. Rg5+ Kf8 23. Rc1 d5 24. h4 Rab8 25. h5 Ke7 26. h6 Na5 27.
Rxc8 Rxc8 28. Rh5 Nc4+ 29. Ke2 Nxa3 30. g4 Kf6 31. g5+ Kg6 32. Rh1 Kxg5 33. h7
Rh8 34. Kd2 Kg6 35. Kd3 Nc4 36. Ra1 a5 37. e4 Kxh7 38. e5 a4 39. Kc3 a3 40. Rg1
Rg8 41. Rf1 Rg4 42. f3 Rg3 43. Kb3 Nd2+ 0-1

[Event "Michigan Junior"]
[Site "Flint, MI"]
[Date "1997.03.15"]
[Round "2.11"]
[White "Phalen, Michael"]
[Black "Evans Jr., Thomas"]
[Result "1-0"]
[WhiteElo "1455"]
[BlackElo "1278"]
[PlyCount "55"]
[EventDate "1997.03.15"]

1. d4 e6 2. c4 d5 3. Nc3 Nf6 4. Bg5 Be7 5. Nf3 O-O 6. e3 c5 7. Bd3 Nc6 8. O-O
Nb4 9. Ne5 Nxd3 10. Qxd3 dxc4 11. Qxc4 cxd4 12. Rfd1 Qa5 13. Qxd4 Rd8 14. Qf4
h6 15. Bh4 Rf8 16. Rd4 Nh5 17. Qf3 Bxh4 18. Rxh4 Nf6 19. Qg3 Kh7 20. Rd1 b6 21.
Qf3 Rb8 22. Nc6 Bb7 23. Ne4 Bxc6 24. Nxf6+ gxf6 25. Qxf6 h5 26. g4 Rg8 27.
Qxf7+ Rg7 28. Rxh5+ 1-0

[Event "Michigan Junior"]
[Site "Flint, MI"]
[Date "1997.03.15"]
[Round "2.8"]
[White "Parker, Harvard"]
[Black "Aldrich, Justin"]
[Result "1-0"]
[WhiteElo "1295"]
[BlackElo "1653"]
[PlyCount "111"]
[EventDate "1997.03.15"]

1. e4 e5 2. f4 exf4 3. Nf3 Nf6 4. e5 Nd5 5. d4 d6 6. c4 Ne3 7. Bxe3 fxe3 8. Qd3
dxe5 9. Nxe5 Be7 10. Qxe3 O-O 11. Nc3 Re8 12. Qf3 Bf6 13. O-O-O Bxe5 14. dxe5
Qg5+ 15. Kb1 Nc6 16. Be2 Nxe5 17. Qd5 c6 18. Qd4 Bf5+ 19. Ka1 Rad8 20. Qxa7 Ng4
21. Bxg4 Bxg4 22. Rxd8 Rxd8 23. Qxb7 Qg6 24. Qe7 Rf8 25. Re1 Be6 26. Qc5 Qxg2
27. Ne4 Rb8 28. b3 Ra8 29. a4 Qc2 30. Qxc6 Rd8 31. Qb6 Rc8 32. Qe3 h6 33. Re2
Qd1+ 34. Ka2 Qd8 35. Rg2 Qh4 36. Qg3 Qxg3 37. hxg3 Re8 38. Nc3 Ra8 39. Rd2 Kf8
40. Nb5 Rc8 41. Ka3 g5 42. Kb4 Ke7 43. Rh2 Rh8 44. Kc5 h5 45. a5 Bg4 46. a6 h4
47. gxh4 gxh4 48. Rd2 Bf3 49. Nd4 Bg4 50. Nc6+ Ke6 51. Kb6 h3 52. a7 Kf5 53.
Ra2 h2 54. Rxh2 Rxh2 55. a8=Q Rh6 56. Qa5+ 1-0

[Event "Michigan Junior"]
[Site "Flint, MI"]
[Date "1997.03.15"]
[Round "1.10"]
[White "Nolan, Dan"]
[Black "Raupp, Kenneth A"]
[Result "0-1"]
[WhiteElo "966"]
[BlackElo "1535"]
[PlyCount "110"]
[EventDate "1997.03.15"]

1. d4 e6 2. c4 f5 3. Nf3 Nf6 4. Nc3 Bb4 5. Bd2 b6 6. e3 Bb7 7. Be2 O-O 8. O-O
Bxc3 9. Bxc3 d6 10. Qc2 Ne4 11. Nd2 Qg5 12. f3 Qxe3+ 13. Kh1 Nxd2 14. Qxd2 Qxd2
15. Bxd2 Nd7 16. Rfe1 Rf6 17. Bc3 Raf8 18. d5 e5 19. Bd3 Nc5 20. Bc2 Rg6 21. b4
Nd7 22. g4 Bc8 23. Bxf5 Rgf6 24. Be4 R6f7 25. g5 Ba6 26. b5 Bc8 27. Rg1 g6 28.
Bb4 Nc5 29. Bxc5 bxc5 30. Rgf1 Bf5 31. Kg2 Bc8 32. a4 Rf4 33. h3 Rh4 34. Rh1
Rff4 35. Rag1 Bf5 36. Bxf5 Rxf5 37. Kf2 Rxc4 38. a5 Rd4 39. Rb1 Rxd5 40. b6
cxb6 41. axb6 axb6 42. Rxb6 Rd3 43. Rb8+ Rf8 44. Rxf8+ Kxf8 45. Ra1 d5 46. Ra8+
Ke7 47. Ra7+ Ke6 48. Rxh7 c4 49. h4 c3 50. Rh6 Kf5 51. Rh8 c2 52. Rf8+ Ke6 53.
Rf6+ Kd7 54. h5 c1=Q 55. Rxg6 Qe3+ 0-1

[Event "Michigan Junior"]
[Site "Flint, MI"]
[Date "1997.03.15"]
[Round "3.13"]
[White "Nolan, Dan"]
[Black "King, Edwin"]
[Result "0-1"]
[WhiteElo "966"]
[BlackElo "1374"]
[PlyCount "74"]
[EventDate "1997.03.15"]

1. d4 e5 2. dxe5 Nc6 3. Nf3 Qe7 4. g3 Nxe5 5. Nxe5 Qxe5 6. Bg2 Nf6 7. Nc3 Bb4
8. Bd2 O-O 9. O-O Re8 10. e3 d6 11. a3 Ba5 12. b4 Bb6 13. Re1 Bg4 14. Qc1 a5
15. b5 d5 16. Rf1 Rad8 17. Na4 Be2 18. Re1 Bxb5 19. Nxb6 cxb6 20. Rb1 d4 21.
exd4 Qxd4 22. Rxb5 Qxd2 23. Qxd2 Rxd2 24. Rxe8+ Nxe8 25. Rxb6 Rxc2 26. Rxb7 Rc3
27. Rb8 Kf8 28. Ra8 Rc5 29. a4 Ke7 30. Ra7+ Nc7 31. Rb7 Rc1+ 32. Bf1 Kd6 33.
Rb8 Ra1 34. Rg8 Ne6 35. h4 Rxa4 36. Bh3 g6 37. Bxe6 Kxe6 {Remainder illegible,
61?} 0-1

[Event "Michigan Junior"]
[Site "Flint, MI"]
[Date "1997.03.15"]
[Round "2.1"]
[White "Nolan, Brian"]
[Black "Zaremba, Andrei"]
[Result "0-1"]
[WhiteElo "1419"]
[BlackElo "2292"]
[PlyCount "62"]
[EventDate "1997.03.15"]

1. d4 Nf6 2. c4 c5 3. d5 e6 4. Nc3 exd5 5. Nxd5 Nxd5 6. cxd5 d6 7. Nf3 g6 8.
Bg5 f6 9. Bf4 Bg7 10. e3 O-O 11. Be2 a6 12. a4 Qc7 13. O-O Nd7 14. Nd2 Ne5 15.
Nc4 Bd7 16. a5 Nxc4 17. Bxc4 Rae8 18. Qd2 g5 19. Bg3 h5 20. h3 h4 21. Bh2 f5
22. Rac1 g4 23. hxg4 fxg4 24. b4 h3 25. bxc5 hxg2 26. Kxg2 Bf5 27. Bxd6 Be4+
28. Kg1 Qf7 29. Bxf8 Qf3 30. d6+ Kxf8 31. d7 Qg2# 0-1

[Event "Michigan Junior"]
[Site "Flint, MI"]
[Date "1997.03.15"]
[Round "1.18"]
[White "Mudri, Mark"]
[Black "Salami, Samer"]
[Result "0-1"]
[WhiteElo "751"]
[BlackElo "1302"]
[PlyCount "84"]
[EventDate "1997.03.15"]

1. d4 f5 2. Nf3 Nf6 3. Bf4 d5 4. e3 e6 5. Bd3 c5 6. c3 Nc6 7. O-O cxd4 8. cxd4
Bb4 9. Nbd2 O-O 10. a3 Ba5 11. Qe2 Qe8 12. h3 Bxd2 13. Qxd2 Nh5 14. Bd6 Rf7 15.
Ne5 Nxe5 16. Bxe5 Qd8 17. Be2 Nf6 18. Rac1 Ne4 19. Qb4 a5 20. Qa4 Bd7 21. Bb5
b6 22. Rc7 Bxb5 23. Qxb5 Rxc7 24. Qxb6 Re7 25. Qc6 Rc8 26. Qa4 Rb7 27. b4 axb4
28. axb4 Qb6 29. Rb1 Nd2 30. Rb2 Nc4 31. Rb1 Nxe5 32. dxe5 d4 33. Re1 Qxb4 34.
Qa6 Qxe1+ 35. Kh2 Rbb8 36. exd4 Qxf2 37. Qxe6+ Kh8 38. Qd5 Qf4+ 39. g3 Rc2+ 40.
Qg2 Rxg2+ 41. Kxg2 Rb2+ 42. Kg1 Qc1# 0-1

[Event "Michigan Junior"]
[Site "Flint, MI"]
[Date "1997.03.15"]
[Round "3.20"]
[White "McKnight, Rusty"]
[Black "Pitel, Joe"]
[Result "1-0"]
[WhiteElo "1106"]
[BlackElo "774"]
[PlyCount "139"]
[EventDate "1997.03.15"]

1. e4 e5 2. Nf3 d6 3. Bc4 Nf6 4. Ng5 Qe7 5. Nf3 Nxe4 6. d3 Nc5 7. Nc3 e4 8. Nd5
Qd7 9. Qe2 c6 10. Nc3 d5 11. Bb3 Bd6 12. dxe4 dxe4 13. Nxe4 Nxe4 14. Qxe4+ Qe7
15. Qxe7+ Bxe7 16. O-O O-O 17. Re1 Re8 18. Ne5 Be6 19. Bxe6 fxe6 20. Nd3 Bf6
21. c3 Nd7 22. Bf4 e5 23. Be3 Nb6 24. Bxb6 axb6 25. f3 Ra5 26. c4 b5 27. b3 e4
28. Rab1 e3 29. Re2 bxc4 30. bxc4 b5 31. cxb5 cxb5 32. Nc5 b4 33. Nb7 Ra3 34.
Nd6 Re6 35. Nc4 Rc3 36. Na5 Bd4 37. Nb3 Rec6 38. g3 Bb6 39. f4 Rc2 40. Kf1 Rxe2
41. Kxe2 Rc2+ 42. Ke1 e2 43. Nc1 Ba5 44. Nb3 Bb6 45. Nc1 Bd4 46. Nxe2 Bc5 47.
Ra1 g6 48. Rc1 Rxa2 49. Rxc5 b3 50. Rb5 b2 51. Kf2 Kf7 52. Ke3 Ke6 53. h4 h5
54. Kd3 Ra3+ 55. Nc3 Ra1 56. Rxb2 Kf5 57. Ne2 Rh1 58. Ke3 Rh2 59. Nd4+ Kg4 60.
Rxh2 Kxg3 61. Rf2 Kxh4 62. f5 gxf5 63. Nxf5+ Kg4 64. Ke2 h4 65. Nxh4 Kxh4 66.
Rg2 Kh5 67. Kf3 Kh4 68. Rg1 Kh5 69. Kf4 Kh4 70. Rh1# 1-0

[Event "Michigan Junior"]
[Site "Flint, MI"]
[Date "1997.03.15"]
[Round "1.4"]
[White "McKnight, Rusty"]
[Black "Hartwig, Thomas"]
[Result "0-1"]
[WhiteElo "1106"]
[BlackElo "1953"]
[PlyCount "96"]
[EventDate "1997.03.15"]

1. e4 c5 2. Nf3 d6 3. Bc4 Nf6 4. d3 g6 5. Nc3 Bg7 6. Ng5 O-O 7. O-O Nc6 8. Be3
e6 9. f4 Qc7 10. Nb5 Qe7 11. d4 cxd4 12. Nxd4 h6 13. Nxc6 bxc6 14. e5 dxe5 15.
fxe5 Nd5 16. Bxd5 exd5 17. Nf3 Bg4 18. h3 Bxf3 19. Qxf3 Qxe5 20. c3 f5 21. Rae1
Qc7 22. Bf4 Qb6+ 23. Qf2 Qxf2+ 24. Rxf2 Rfe8 25. Rfe2 Re4 26. Bd6 Rae8 27. Kf2
Be5 28. Bxe5 R8xe5 29. Rxe4 fxe4 30. Ke3 Rf5 31. Re2 Kf7 32. Kd4 Ke6 33. c4 Kd6
34. b4 Rf1 35. b5 Rd1+ 36. Kc3 Rc1+ 37. Rc2 Rxc2+ 38. Kxc2 cxb5 39. cxb5 Kc5
40. a4 Kb4 41. b6 axb6 42. g4 g5 43. Kd2 d4 44. Ke2 Kc3 45. Kd1 d3 46. Kc1 d2+
47. Kd1 Kd3 48. a5 e3 0-1

[Event "Michigan Junior"]
[Site "Flint, MI"]
[Date "1997.03.15"]
[Round "2.22"]
[White "McCrandell, James"]
[Black "Nolan, Dan"]
[Result "0-1"]
[WhiteElo "686"]
[BlackElo "966"]
[PlyCount "68"]
[EventDate "1997.03.15"]

1. e4 c5 2. Nc3 d6 3. Nf3 Nf6 4. Bc4 Bg4 5. h3 Bxf3 6. Qxf3 g6 7. O-O Bg7 8.
Rd1 Nc6 9. Nd5 Ne5 10. Bb5+ Ned7 11. Nxf6+ Bxf6 12. c3 O-O 13. d4 cxd4 14. cxd4
Nb6 15. Qe2 Bg7 16. Bf4 d5 17. f3 e6 18. Rac1 dxe4 19. fxe4 Bxd4+ 20. Kh2 Qf6
21. Qf1 Be5 22. Bg3 Bxg3+ 23. Kxg3 Qe5+ 24. Kf3 Qf6+ 25. Kg3 Qxb2 26. Rc2 Qxc2
27. Bd3 Qxa2 28. Kg4 Rad8 29. Qf6 Qxg2+ 30. Kh4 Rxd3 31. Rxd3 Qxe4+ 32. Kg5
Qxd3 33. h4 Qe3+ 34. Kg4 h5# 0-1

[Event "Michigan Junior"]
[Site "Flint, MI"]
[Date "1997.03.15"]
[Round "1.8"]
[White "McAllister, Don"]
[Black "Solon, Nathan"]
[Result "0-1"]
[WhiteElo "1079"]
[BlackElo "1669"]
[PlyCount "70"]
[EventDate "1997.03.15"]

1. e4 c5 2. Nf3 d6 3. Bc4 e6 4. Nc3 Nc6 5. d3 Nf6 6. Bg5 Be7 7. O-O O-O 8. Re1
h6 9. Bxf6 Bxf6 10. Qd2 a6 11. a4 Qc7 12. Re3 Rd8 13. Qe2 Bd4 14. Nxd4 cxd4 15.
Rg3 dxc3 16. Qg4 g6 17. bxc3 Qe7 18. Re1 Kh7 19. d4 e5 20. Qd1 Na5 21. Bd3 Be6
22. d5 Bd7 23. Qd2 Rdc8 24. c4 Nxc4 25. Bxc4 Rxc4 26. Ree3 Rac8 27. Rc3 Rxa4
28. Rge3 Qg5 29. g3 Ra1+ 30. Re1 Qxd2 31. Rxa1 Rxc3 32. Rb1 Rxc2 33. Rf1 Bh3
34. Re1 Qxf2+ 35. Kh1 Qxh2# 0-1

[Event "Michigan Junior"]
[Site "Flint, MI"]
[Date "1997.03.15"]
[Round "2.12"]
[White "Markey, Beckie"]
[Black "Brumley, Ron"]
[Result "0-1"]
[WhiteElo "498"]
[BlackElo "1467"]
[PlyCount "52"]
[EventDate "1997.03.15"]

1. e4 c5 2. Nf3 Nc6 3. d3 g6 4. Nc3 Bg7 5. b3 Bxc3+ 6. Bd2 Bxa1 7. Qxa1 Nf6 8.
e5 Nd5 9. Nd4 Nxd4 10. Qc3 Nxc3 11. Bxc3 Nxc2+ 12. Kd1 Nd4 13. a4 O-O 14. h4
Qb6 15. b4 cxb4 16. Bb2 d6 17. f4 Bg4+ 18. Kc1 Rfc8+ 19. Kb1 dxe5 20. fxe5 e6
21. a5 Qc5 22. g3 b3 23. Bh3 Bxh3 24. Rxh3 Qc2+ 25. Ka1 Qd1+ 26. Bc1 Qxc1# 0-1

[Event "Michigan Junior"]
[Site "Flint, MI"]
[Date "1997.03.15"]
[Round "3.3"]
[White "Mankiewicz, Ryan"]
[Black "Raupp, Kenneth A"]
[Result "1-0"]
[WhiteElo "2008"]
[BlackElo "1535"]
[PlyCount "105"]
[EventDate "1997.03.15"]

1. d4 e6 2. b3 f5 3. Bb2 Nf6 4. Nf3 b6 5. e3 Bb7 6. Be2 Bd6 7. O-O Nc6 8. c4
Ne7 9. Nbd2 Ng6 10. Ne5 Qe7 11. Bf3 Ne4 12. Bxe4 fxe4 13. Qg4 Bxe5 14. dxe5 d5
15. exd6 cxd6 16. Nxe4 O-O 17. Ba3 Ne5 18. Qg5 Qxg5 19. Nxg5 Rf6 20. Bxd6 Ng4
21. Bg3 h6 22. Nh3 g5 23. Rfd1 Rf7 24. Rd6 e5 25. Rad1 Re8 26. Rd8 Ref8 27.
Rxf8+ Rxf8 28. f3 Nxe3 29. Re1 Nf5 30. Rxe5 Bc8 31. Nf2 Rd8 32. Ne4 Kf7 33. Kf2
Rd1 34. Rd5 Rxd5 35. cxd5 Bb7 36. d6 Ke6 37. Ke2 Nxg3+ 38. hxg3 Bxe4 39. fxe4
Kxd6 40. g4 b5 41. b4 a6 42. a3 Ke6 43. Ke3 Ke5 44. g3 Ke6 45. Kd4 Kd6 46. e5+
Ke6 47. Ke4 Ke7 48. Kf5 Kf7 49. e6+ Kg7 50. Ke5 Kf8 51. Kf6 Ke8 52. e7 Kd7 53.
Kf7 1-0